[Event "EU-ch U18"]
[Site "Arnhem"]
[Date "1987.??.??"]
[Round "4"]
[White "Horvath, Csaba"]
[Black "Ivanchuk, Vassily"]
[Result "0-1"]
[WhiteElo "2455"]
[BlackElo "2480"]

1.e4 e6 2.d4 d5 3.Nc3 Bb4 4.e5 c5 5.a3 Bxc3+ 6.bxc3 Ne7 7.Qg4 O-O 8.Nf3 Nbc6
9.Bd3 f5 10.exf6 Rxf6 11.Bg5 Rf7 12.Bxe7 Rxe7 13.Qh4 h6 14.O-O c4 15.Bg6 Bd7
16.Rfe1 Be8 17.Bh5 Bxh5 18.Qxh5 Qe8 19.Qxe8+ Raxe8 20.Ne5 g5 21.h4 gxh4 22.Ng6 Rf7
23.Re3 Kh7 24.Nxh4 e5 25.Rae1 e4 26.g3 Rg8 27.Rb1 Nd8 28.Rb5 Rg5 29.Kg2 b6
30.f3 Nb7 31.fxe4 dxe4 32.Rb1 Nd6 33.a4 Rf4 34.Rh1 Rg7 35.Rh2 Rf6 36.Kh3 h5
37.Ree2 Rgf7 38.g4 hxg4+ 39.Kxg4 Rg7+ 40.Kh3 Rh6 41.Rhf2 Nf7 42.Rf5 Ng5+
43.Rxg5 Rxg5 44.Rxe4 a5 45.d5 Rxd5 46.Rxc4 Rg5 47.Rd4 Kg8 48.c4 Kf7 49.Re4 Kf6
50.c3 Rh7 51.Kh2 Re7 52.Rf4+ Ke5 53.Rd4 Rh7 54.Kh3 Ke6 55.Kh2 Rgh5 56.Kg3 Rxh4  0-1

[Event "EU-ch U18"]
[Site "Arnhem"]
[Date "1987.??.??"]
[Round "5"]
[White "Ivanchuk, Vassily"]
[Black "Gelfand, Boris"]
[Result "1-0"]
[WhiteElo "2480"]
[BlackElo "2510"]

1.Nf3 Nf6 2.g3 g6 3.c4 Bg7 4.d4 O-O 5.Bg2 c6 6.Nc3 d6 7.O-O Qa5 8.e4 e5 9.h3 Na6
10.Re1 Be6 11.Bf1 Rfd8 12.a3 d5 13.exd5 cxd5 14.Nxe5 dxc4 15.Nxc4 Qc7 16.Bf4 Qd7
17.Ne5 Qxd4 18.Qxd4 Rxd4 19.Bg2 Rb8 20.Be3 Rdd8 21.Bxa7 Ra8 22.Bb6 Rd2 23.Bxb7 Rb8
24.Be3 Rd6 25.Nb5 Rd5 26.Bxa6 Rxe5 27.Nd4 Bd7 28.Nf3 Ra5 29.Bc4 Rxb2 30.Bd4 Rb7
31.Rab1 Rxb1 32.Rxb1 Ne8 33.Rb7 Rxa3 34.Rxd7 Rxf3 35.Bd5 Rf5 36.g4 Rg5 37.Bxf7+ Kf8
38.Be3 Re5 39.Ba2  1-0

[Event "EU-ch U18"]
[Site "Arnhem"]
[Date "1987.??.??"]
[Round "6"]
[White "Hansen, Lars Bo"]
[Black "Ivanchuk, Vassily"]
[Result "0-1"]
[WhiteElo "2355"]
[BlackElo "2480"]

1.d4 Nf6 2.c4 e6 3.Nf3 c5 4.dxc5 Bxc5 5.e3 O-O 6.Nc3 Nc6 7.a3 d5 8.b4 Bd6
9.Bb2 Qe7 10.Qb3 Rd8 11.Rd1 a6 12.Bd3 dxc4 13.Qxc4 Bd7 14.Qh4 h6 15.g4 Ne5
16.Nxe5 Bxe5 17.f4 Bxc3+ 18.Bxc3 Ba4 19.Bxf6 Qxf6 20.Qxf6 gxf6 21.Rd2 Rdc8
22.Be4 Rc3 23.Rd3 Rc7 24.Rd6 Rc3 25.Rd3 Rac8 26.Rxc3 Rxc3 27.Kf2 b6 28.Ra1 e5
29.fxe5 fxe5 30.Ke2 Kg7 31.h3 a5 32.Kd2 Rb3 33.bxa5 bxa5 34.Ra2 Rb6 35.Ra1 Rb2+
36.Kc3 Re2 37.Kc4 Rxe3 38.Kd5 Bb3+ 39.Kxe5 Bc2 40.Kd4 Rxe4+  0-1

[Event "EU-ch U18"]
[Site "Arnhem"]
[Date "1987.??.??"]
[Round "7"]
[White "Ivanchuk, Vassily"]
[Black "Norwood, David"]
[Result "1-0"]
[WhiteElo "2480"]
[BlackElo "2405"]

1.d4 Nf6 2.c4 e6 3.Nf3 c5 4.d5 exd5 5.cxd5 d6 6.Nc3 g6 7.Bf4 Bg7 8.Qa4+ Bd7
9.Qb3 b5 10.Nxb5 Bxb5 11.Qxb5+ Nbd7 12.Bxd6 Ne4 13.Be5 O-O 14.Bxg7 Kxg7 15.Qa4 Rb8
16.Qxe4 Qa5+ 17.Nd2 Rxb2 18.Rd1 Rfb8 19.Qf4 Nf6 20.e4 Re8 21.Bd3 Nxd5 22.Qg5 Nc3
23.Nc4 Nxe4+ 24.Nxa5 Nxg5+ 25.Kf1 Ne4 26.Nc4 Rxf2+ 27.Kg1 Rxa2 28.Re1 Nf6
29.Rxe8 Nxe8 30.h3 Ra1+ 31.Kh2 Rxh1+ 32.Kxh1 Kf6 33.Kg1 Ke6 34.Kf2 Nd6 35.Ke3 h6
36.Kf4 Ne8 37.Bc2 g5+ 38.Kg4 Nf6+ 39.Kf3 Nd7 40.Ne3 Ne5+ 41.Ke4 h5 42.g4 hxg4
43.hxg4 c4 44.Bd1 a5 45.Kd4 Nc6+ 46.Ke4 Ne5 47.Be2 c3 48.Bd1 f6 49.Bc2 Nc6
50.Ba4 Nb4 51.Nf5 Kf7 52.Nd4 Kg6 53.Nc2 f5+ 54.gxf5+ Kf6 55.Ne3 Ke7 56.Kf3 Kf7
57.Kg4 Kf6 58.Bb3 Nc6 59.Bc2 Nd4 60.Bb1 Ke5 61.Kxg5 Nxf5 62.Bxf5 a4 63.Nc2 Kd5
64.Bd3 Kc5 65.Kf4  1-0

[Event "EU-ch U18"]
[Site "Arnhem"]
[Date "1987.??.??"]
[Round "8"]
[White "Ivanchuk, Vassily"]
[Black "Langner, Ladislav"]
[Result "1/2-1/2"]
[WhiteElo "2480"]
[BlackElo "2320"]

1.d4 Nf6 2.Nf3 c5 3.d5 d6 4.Nc3 e5 5.Nd2 Be7 6.e4 O-O 7.Be2 Na6 8.O-O Nc7
9.a4 b6 10.Nc4 Ba6 11.b3 Nd7 12.Bg4 Nf6 13.Bh3 Nfe8 14.g3 Bg5 15.Bb2 Qe7
16.Qd3 g6 17.Rae1 Ng7 18.f4 Bxc4 19.Qxc4 Bf6 20.f5 Bg5 21.Bg2 f6 22.Qd3 a6
23.Nd1 b5 24.Nf2 Nge8 25.Ng4 Qg7 26.h4 gxf5 27.Nf2 Bh6 28.exf5 Kh8 29.Ne4 Rb8
30.Bc3 Qf7 31.Rd1 b4 32.Be1 a5 33.Kh2 Qd7 34.Rf3 Na8 35.c3 Nb6 36.cxb4 axb4
37.Nd2 Nc7 38.Rf1 Bxd2 39.Qxd2 Nxa4 40.bxa4 Qxa4 41.Bf2 Nb5  1/2-1/2

[Event "EU-ch U18"]
[Site "Arnhem"]
[Date "1987.??.??"]
[Round "9"]
[White "Kosic, Dragan"]
[Black "Ivanchuk, Vassily"]
[Result "1/2-1/2"]
[WhiteElo "2385"]
[BlackElo "2480"]

1.d4 Nf6 2.c4 e6 3.Nf3 c5 4.d5 exd5 5.cxd5 d6 6.Nc3 g6 7.Nd2 Bg7 8.Nc4 O-O
9.Bg5 Qe7 10.Qd2 Nbd7 11.f3 Ne5 12.e4 h6 13.Be3 h5 14.Nxe5 Qxe5 15.Be2 Bd7
16.O-O a6 17.a4 Rab8 18.a5 Rbc8 19.Rfc1 Rfe8 20.Bf4 Qd4+ 21.Kf1 Nh7 22.Qxd4 cxd4
23.Nd1 Bf8 24.Rxc8 Rxc8 25.Rc1 Rxc1 26.Bxc1 f5 27.b3 fxe4 28.fxe4 Nf6 29.Nf2 Ne8
30.Bc4 Nc7 31.Ke2 Nb5 32.Kd3 Bg7 33.Bg5 Be5 34.h3 Nc3 35.Bd2 Kf7 36.Bg5 Kg7
37.Bd8 Kh6 38.Bb6 Nb5 39.Ke2 Nc3+ 40.Kd3 Nb5 41.Ke2  1/2-1/2

[Event "EU-ch U18"]
[Site "Arnhem"]
[Date "1987.??.??"]
[Round "10"]
[White "Ivanchuk, Vassily"]
[Black "Brenninkmeijer, Joris"]
[Result "1-0"]
[WhiteElo "2480"]
[BlackElo "2345"]

1.e4 e6 2.d4 d5 3.Nd2 Nf6 4.e5 Nfd7 5.c3 c5 6.Bd3 Nc6 7.Ne2 cxd4 8.cxd4 f6
9.exf6 Nxf6 10.Nf3 Bd6 11.O-O O-O 12.Bf4 Bxf4 13.Nxf4 Qb6 14.Qd2 g6 15.Ne2 Bd7
16.a3 Rae8 17.Qg5 Ne4 18.Qg4 Nf6 19.Qh4 e5 20.dxe5 Nxe5 21.Nxe5 Rxe5 22.Qd4 Qxd4
23.Nxd4 Rc8 24.Rac1 Ree8 25.f3 Kf7 26.g4 a6 27.Kf2 Rxc1 28.Rxc1 Rc8 29.Rxc8 Bxc8
30.Ke3 Nd7 31.Kf4 Kf6 32.h4 Nc5 33.Bc2 Be6 34.g5+ Ke7 35.Nxe6 Kxe6 36.h5 gxh5
37.Bxh7 Kf7 38.Ke5 d4 39.b4 Ne6 40.f4 h4 41.Bf5 Ng7 42.Be4 Nh5 43.f5 h3 44.Kxd4 h2
45.Bd5+  1-0

[Event "Wch U20"]
[Site "Baguio"]
[Date "1987.??.??"]
[Round "?"]
[White "Ivanchuk, Vassily"]
[Black "Hellers, Ferdinand"]
[Result "1-0"]
[WhiteElo "2480"]
[BlackElo "2490"]

1.d4 Nf6 2.c4 e6 3.Nc3 Bb4 4.e3 c5 5.Bd3 Nc6 6.Ne2 cxd4 7.exd4 d5 8.cxd5 Qxd5
9.O-O Qh5 10.Ne4 Nxe4 11.Bxe4 Bd6 12.Bf4 Bxf4 13.Nxf4 Qxd1 14.Rfxd1 Bd7 15.Nd3 Rc8
16.d5 exd5 17.Bxd5 b6 18.Re1+ Kf8 19.Rad1 g6 20.Ne5 Nxe5 21.Rxe5 Re8 22.Rxe8+ Bxe8
23.Rc1 Ke7 24.Rc8 Rf8 25.Ra8 a5 26.Ra6 Kd6 27.Bb3 Bb5 28.Rxb6+ Kc5 29.Rb7 Re8
30.h4 a4 31.Bxf7 Re1+ 32.Kh2 Re2 33.Kg3 Rxb2 34.Be8 h6 35.h5 g5 36.Rxb5+ Rxb5
37.Bxb5 Kxb5 38.f4 gxf4+ 39.Kxf4 Kb4 40.g4 Ka3 41.g5 hxg5+ 42.Ke3  1-0

[Event "Wch U20"]
[Site "Baguio"]
[Date "1987.??.??"]
[Round "?"]
[White "Ivanchuk, Vassily"]
[Black "Serper, Grigory"]
[Result "1/2-1/2"]
[WhiteElo "2480"]
[BlackElo "2435"]

1.d4 Nf6 2.c4 c6 3.Nc3 d6 4.Nf3 Nbd7 5.e4 e5 6.Be2 Be7 7.O-O a6 8.d5 cxd5
9.cxd5 b5 10.b4 Nb6 11.Be3 Bd7 12.Nd2 O-O 13.Rc1 Qb8 14.Nb3 Nc4 15.Bxc4 bxc4
16.Na5 Qxb4 17.Nc6 Bxc6 18.dxc6 Rfc8 19.Nd5 Nxd5 20.Qxd5 Rab8 21.Rxc4 Qb5
22.g4 h5 23.h3 hxg4 24.hxg4 Qb2 25.Rfc1 Qxa2 26.c7 Rb1 27.Qc6 Bf8 28.Kg2 Rxc1
29.Rxc1 Qe6 30.Kg3 a5 31.Rc4 g6 32.Bd2 Be7 33.Bxa5 Kg7 34.Bd2 Qf6 35.Qd7 Qh4+
36.Kf3 Qf6+ 37.Kg3 Qh4+ 38.Kf3 Qf6+ 39.Ke2 Qe6 40.Qxe6 fxe6 41.Rc6 Kf7 42.Bb4 Ke8
43.Rxd6 Bxd6 44.Bxd6 Kd7 45.Bxe5 Ra8  1/2-1/2

[Event "Wch U20"]
[Site "Baguio"]
[Date "1987.??.??"]
[Round "?"]
[White "Blatny, Pavel"]
[Black "Ivanchuk, Vassily"]
[Result "0-1"]
[WhiteElo "2435"]
[BlackElo "2480"]

1.g3 d5 2.Bg2 c5 3.Nf3 Nc6 4.d4 Nf6 5.O-O e6 6.b3 Be7 7.Bb2 O-O 8.Nbd2 cxd4
9.Nxd4 Nxd4 10.Bxd4 Qc7 11.f4 Bd7 12.e3 Bc5 13.Rf3 Rac8 14.c3 Ne8 15.Qe1 Nd6
16.g4 Bxd4 17.exd4 f5 18.g5 Ne4 19.Rc1 Qd6 20.Rc2 Rc7 21.Qh4 Be8 22.Nf1 Bg6
23.Ng3 Rfc8 24.Ne2 b5 25.Re3 b4 26.Qe1 Nxc3 27.Nxc3 Rxc3 28.Rcxc3 bxc3 29.Rxc3 Rxc3
30.Qxc3 Qxf4 31.Qc8+ Kf7 32.Qb7+ Kf8 33.Qxa7 Qe3+ 34.Kf1 Bh5 35.Qc5+ Kf7
36.Qc7+ Kg6 37.Qe5 Qxe5 38.dxe5 Kxg5 39.a4 Kf4 40.a5 Kxe5 41.b4 Be8 42.Kf2 Bb5
43.h4 g6 44.Bf3 h6 45.Ke3 Kd6 46.Bd1 e5 47.Bc2 d4+ 48.Kf2 e4 49.Bb3 f4 50.Bf7 g5
51.hxg5 hxg5 52.Bh5 d3  0-1

[Event "Wch U20"]
[Site "Baguio"]
[Date "1987.??.??"]
[Round "?"]
[White "Ivanchuk, Vassily"]
[Black "Sevillano, Enrico"]
[Result "1-0"]
[WhiteElo "2480"]
[BlackElo "2315"]

1.d4 Nf6 2.c4 e6 3.Nf3 c5 4.d5 exd5 5.cxd5 d6 6.Nc3 g6 7.Bf4 Bg7 8.Qa4+ Bd7
9.Qb3 Qc7 10.e4 O-O 11.Nd2 Nh5 12.Be3 f5 13.exf5 gxf5 14.Be2 Be8 15.Nf3 h6
16.O-O a6 17.a4 Nd7 18.Rae1 Rb8 19.Qd1 Qd8 20.g3 Bxc3 21.bxc3 Qf6 22.Nd2 Ng7
23.Nc4 b5 24.axb5 axb5 25.Na5 Ne5 26.Qd2 Kh7 27.Rb1 Bd7 28.Bf4 Rfe8 29.Rfe1 Rb6
30.h4 Ra8 31.Nc6 Bxc6 32.dxc6 Rxc6 33.Rxb5 Rca6 34.Rbb1 Ra2 35.Qd5 R2a7 36.Rbd1 Nf7
37.Bxd6 Nxd6 38.Qxd6 Qxc3 39.h5 Ra1 40.Qg6+ Kg8 41.Rxa1 Rxa1 42.Bc4+ Qxc4
43.Rxa1 Qd5 44.Ra7 Qd1+ 45.Kg2 Qd5+ 46.Kh2  1-0

[Event "Wch U20"]
[Site "Baguio"]
[Date "1987.??.??"]
[Round "?"]
[White "Klinger, Josef"]
[Black "Ivanchuk, Vassily"]
[Result "1/2-1/2"]
[WhiteElo "2490"]
[BlackElo "2480"]

1.e4 c6 2.d4 d5 3.exd5 cxd5 4.c4 Nf6 5.cxd5 Nxd5 6.Nc3 Nc6 7.Nf3 Bg4 8.Qb3 Bxf3
9.gxf3 e6 10.Qxb7 Nxd4 11.Bb5+ Nxb5 12.Qc6+ Ke7 13.Qxb5 Qd7 14.Nxd5+ Qxd5
15.Qxd5 exd5 16.Be3 Ke6 17.O-O Be7 18.Rfe1 Kf5 19.Red1 Rhd8 20.Rac1 Rd7 21.Rd4 Bf6
22.Rf4+ Kg6 23.Rc6 Re8 24.Rg4+ Kf5 25.Rf4+  1/2-1/2

[Event "Wch U20"]
[Site "Baguio"]
[Date "1987.??.??"]
[Round "?"]
[White "Agdestein, Simen"]
[Black "Ivanchuk, Vassily"]
[Result "0-1"]
[WhiteElo "2565"]
[BlackElo "2480"]

1.d4 d5 2.c4 e6 3.Nc3 c5 4.Nf3 Nc6 5.cxd5 exd5 6.g3 Nf6 7.Bg2 Be7 8.O-O O-O
9.Bg5 h6 10.Be3 cxd4 11.Nxd4 Re8 12.Qc2 Be6 13.Rad1 Qd7 14.Nxe6 fxe6 15.a3 Rac8
16.Bh3 Bf8 17.f3 b5 18.Bf2 Ne5 19.Qb3 a6 20.Kh1 Qf7 21.Na2 Rc4 22.Nc1 Ned7
23.Qd3 Qh5 24.Bg2 Bc5 25.e3 Bd6 26.Be1 Rf8 27.Nb3 Rfc8 28.Nd4 e5 29.Nf5 Bf8
30.g4 Qe8 31.h3 e4 32.fxe4 Nc5 33.Qb1 Ncxe4 34.Bh4 Qe5 35.Nd4 Bd6 36.Nf3 Ng3+
37.Bxg3 Qxg3 38.Qd3 Rf8 39.Kg1 Re4 40.Qe2 Bc5 41.Nd4 Rxe3 42.Qf2 Nxg4 43.Qxg3 Rxg3
44.hxg4 Rxg4 45.Kh2 Rxf1 46.Bxd5+ Kh7 47.Rxf1 Rxd4 48.Bg2 h5 49.b4 Rh4+ 50.Bh3 Be3
51.Re1 g5 52.Rxe3 g4 53.Re7+ Kg6 54.Re6+ Kf5  0-1

[Event "Wch U20"]
[Site "Baguio"]
[Date "1987.??.??"]
[Round "?"]
[White "Norwood, David"]
[Black "Ivanchuk, Vassily"]
[Result "1-0"]
[WhiteElo "2405"]
[BlackElo "2480"]

1.g3 d5 2.Bg2 Nf6 3.Nf3 c5 4.c4 d4 5.e3 Nc6 6.exd4 cxd4 7.d3 e5 8.O-O Be7
9.b4 Bxb4 10.Nxe5 Nxe5 11.Qa4+ Nc6 12.Bxc6+ bxc6 13.Qxb4 Qb6 14.Ba3 Qxb4
15.Bxb4 Be6 16.Nd2 O-O-O 17.Nb3 Bf5 18.Rad1 Rd7 19.Bc5 Rhd8 20.Rfe1 Bg6 21.Rd2 h5
22.Kg2 Nh7 23.f3 Bf5 24.h4 Nf8 25.Bxf8 Rxf8 26.Nc5 Rc7 27.Rde2 Bd7 28.Kf2 Rd8
29.a4 a5 30.Re4 Bf5 31.Rf4 Bg6 32.g4 Ra7 33.gxh5 Bxh5 34.Ree4 Kc7 35.Rxd4 Rxd4
36.Rxd4 Kb6 37.Rd7 Rxd7 38.Nxd7+ Kc7 39.Nc5 Kb6 40.d4 f6 41.Ne6 Bg6 42.Nxg7 Bc2
43.Ke3 Bxa4 44.Kd3 Bb3 45.h5 Ba2 46.h6 Bb1+ 47.Kc3 Kc7 48.Ne8+  1-0

[Event "Wch U20"]
[Site "Baguio"]
[Date "1987.??.??"]
[Round "?"]
[White "Puri, Vinny"]
[Black "Ivanchuk, Vassily"]
[Result "0-1"]
[WhiteElo "2285"]
[BlackElo "2480"]

1.c4 e6 2.Nf3 Nf6 3.d4 d5 4.Nc3 c6 5.cxd5 exd5 6.Bg5 Bf5 7.e3 Nbd7 8.Bd3 Bxd3
9.Qxd3 a5 10.Rb1 Be7 11.O-O O-O 12.a3 Re8 13.Bxf6 Nxf6 14.Qc2 Bd6 15.b4 Qe7
16.Qb3 Ra7 17.Na4 Ne4 18.Nc5 Rea8 19.Qc2 axb4 20.axb4 h5 21.Nxe4 dxe4 22.Nd2 Ra2
23.Rb2 Qe6 24.Rfb1 f5 25.g3 h4 26.gxh4 Rxb2 27.Qxb2 Kh7 28.Qb3 Qf6 29.Nc4 Rd8
30.Ne5 Bxe5 31.dxe5 Qxe5 32.Qf7 Rd6 33.h5 Rf6 34.Qxb7 f4 35.exf4 Qxh5 36.Qd7 e3
37.Qd1 e2 38.Qd3+ Qg6+ 39.Qxg6+ Rxg6+ 40.Kh1 Rd6  0-1

[Event "Wch U20"]
[Site "Baguio"]
[Date "1987.??.??"]
[Round "?"]
[White "Wolff, Patrick G"]
[Black "Ivanchuk, Vassily"]
[Result "0-1"]
[WhiteElo "2370"]
[BlackElo "2480"]

1.e4 c5 2.Nf3 e6 3.d4 cxd4 4.Nxd4 Nf6 5.Nc3 d6 6.g4 Be7 7.g5 Nfd7 8.Be3 Nc6
9.h4 O-O 10.Qd2 a6 11.f4 Nxd4 12.Bxd4 b5 13.a3 Bb7 14.O-O-O Rc8 15.Kb1 Nb6
16.g6 Nc4 17.gxh7+ Kh8 18.Bxc4 Rxc4 19.Rhg1 Bf6 20.e5 dxe5 21.fxe5 Qxd4 22.exf6 Qxf6
23.Qd6 Re8 24.h5 Rf4 25.Ne2 Rf2 26.Qd7 Re7 27.Qd8+ Kxh7 28.Qf8 Bd5 29.Rg4 Rxe2
30.Rdg1 Rg2 31.R1xg2 Qf1+  0-1

[Event "URS-FL"]
[Site "Lvov"]
[Date "1987.??.??"]
[Round "?"]
[White "Mikhalchishin, Adrian"]
[Black "Ivanchuk, Vassily"]
[Result "1/2-1/2"]
[WhiteElo "2500"]
[BlackElo "2480"]

1.Nf3 Nf6 2.c4 e6 3.d4 d5 4.Nc3 Be7 5.Bg5 h6 6.Bh4 O-O 7.e3 b6 8.Bd3 Bb7
9.O-O Nbd7 10.Bg3 dxc4 11.Bxc4 c5 12.Qe2 a6 13.a4 cxd4 14.exd4 Bb4 15.Rac1 Bxc3
16.bxc3 Ne4 17.Bh4 Qc7 18.Bd3 Qc6 19.c4 Rfe8 20.Rfe1 Ng5 21.Bxg5 hxg5 22.d5 exd5
23.Qxe8+ Rxe8 24.Rxe8+ Nf8 25.Re7 Bc8 26.Rxf7 Qc5 27.Nxg5 Qa3 28.Rd1 Bg4
29.f3 Qb3 30.Rd2 Bh5 31.Rf4 Qc3 32.Rd1 Bg6 33.Bxg6 Qe3+ 34.Kf1 Qxf4 35.Bf7+ Kh8
36.Rxd5 Qxc4+ 37.Kf2 Qh4+ 38.Ke2 g6 39.a5 b5 40.h3 Qc4+ 41.Kf2 Qa2+ 42.Kg3 Qxa5
43.h4 Qc7+ 44.f4 Qb6 45.Re5 Qc7 46.h5 Qc3+ 47.Kg4 Qc8+ 48.Kg3 Qc3+ 49.Kg4 Qc2
50.h6 Qxg2+ 51.Kh4 Qh2+ 52.Kg4 Qxh6 53.Re8 Kg7 54.Bd5 Qh5+ 55.Kg3 Qd1 56.Re7+ Kh8
57.Nf7+ Kg7 58.Ng5+  1/2-1/2

[Event "URS-FL"]
[Site "Lvov"]
[Date "1987.??.??"]
[Round "?"]
[White "Ivanchuk, Vassily"]
[Black "Novikov, Igor A"]
[Result "1-0"]
[WhiteElo "2480"]
[BlackElo "2455"]

1.e4 d6 2.d4 Nf6 3.Nc3 g6 4.Nf3 Bg7 5.Be2 O-O 6.O-O Bg4 7.Be3 Nc6 8.Qd3 Nd7
9.Rad1 a6 10.Nd2 Bxe2 11.Nxe2 e6 12.f4 d5 13.e5 Ne7 14.b3 Rc8 15.c4 c5 16.dxc5 Nxc5
17.Qb1 Nd7 18.Bf2 Re8 19.Kh1 b5 20.Bh4 bxc4 21.bxc4 Nb6 22.cxd5 Nbxd5 23.Ne4 Rb8
24.Qd3 Qa5 25.Nd6 Rf8 26.Qd2 Qxd2 27.Rxd2 Rb4 28.Bxe7 Nxe7 29.g3 g5 30.Nc3 gxf4
31.gxf4 Ng6 32.Nce4 Rfb8 33.Rdf2 Rb1 34.Ng3 Rxf1+ 35.Rxf1 f6 36.f5 exf5 37.e6 f4
38.Ngf5 Bf8 39.Ne4 Rb5 40.Nxf6+ Kh8 41.Nd4 Rb4 42.Rd1 f3 43.Nd5 Rb2 44.Nxf3 Rf2
45.Ng5 Rf5 46.Nf7+ Kg7 47.a4 Bc5 48.Nd8 Re5 49.Nb7 Ba7 50.Nc7 Nf4 51.Nd6 Nxe6
52.Nc4 Re4 53.Rd7+ Kf6 54.Nxe6 Kxe6 55.Rxa7 Rxc4 56.Rxa6+ Kf5 57.Ra7 h5 58.Kg2 Kg4  1-0

[Event "URS-FL"]
[Site "Lvov"]
[Date "1987.??.??"]
[Round "?"]
[White "Ivanchuk, Vassily"]
[Black "Romanishin, Oleg M"]
[Result "1-0"]
[WhiteElo "2480"]
[BlackElo "2555"]

1.e4 c5 2.Nf3 d6 3.d4 cxd4 4.Nxd4 Nf6 5.Nc3 a6 6.Be3 e6 7.Be2 Qc7 8.a4 Be7
9.f4 O-O 10.O-O b6 11.Bf3 Bb7 12.Qe2 Nbd7 13.g4 Nc5 14.Qg2 Rfe8 15.g5 Nfd7
16.Rad1 Rac8 17.h4 Bf8 18.h5 e5 19.Nde2 exf4 20.Nxf4 Ne5 21.Nfd5 Qd8 22.h6 Kh8
23.Bg4 Ra8 24.hxg7+ Bxg7 25.Bf5 Bc8 26.Qh3 Ng6 27.Qh5 Be6 28.Rf3 Nd7 29.Rh3 Ndf8
30.Bd4 Bxd4+ 31.Rxd4 Bxf5 32.exf5 Re1+ 33.Kg2 f6 34.fxg6 fxg5 35.Re4  1-0

[Event "URS-FL"]
[Site "Lvov"]
[Date "1987.??.??"]
[Round "?"]
[White "Ivanchuk, Vassily"]
[Black "Chernin, Alexander"]
[Result "1/2-1/2"]
[WhiteElo "2480"]
[BlackElo "2580"]

1.Nf3 Nf6 2.g3 d5 3.Bg2 c6 4.O-O g6 5.d3 Bg7 6.Nbd2 O-O 7.e4 Bg4 8.h3 Bxf3
9.Qxf3 e6 10.Qe2 a5 11.a4 Na6 12.c3 dxe4 13.Nxe4 Qe7 14.Bg5 Nc5 15.Qe3 Ncd7
16.h4 Rfe8 17.Rfe1 Qf8 18.Qe2 h6 19.Bf4 Nxe4 20.dxe4 Ne5 21.Red1 Red8 22.Rxd8 Rxd8
23.Rd1 Qe7 24.Bf1 Rxd1 25.Qxd1 Qd7 26.Qe2 h5 27.Bxe5  1/2-1/2

[Event "URS-FL"]
[Site "Lvov"]
[Date "1987.??.??"]
[Round "?"]
[White "Ivanchuk, Vassily"]
[Black "Lputian, Smbat G"]
[Result "1-0"]
[WhiteElo "2480"]
[BlackElo "2540"]

1.d4 Nf6 2.c4 g6 3.Nc3 d5 4.Nf3 Bg7 5.cxd5 Nxd5 6.e4 Nxc3 7.bxc3 c5 8.Rb1 O-O
9.Be2 cxd4 10.cxd4 Qa5+ 11.Bd2 Qxa2 12.O-O b6 13.Qc1 Bb7 14.Bc4 Qa4 15.Bb5 Qa2  1-0

[Event "URS-FL"]
[Site "Lvov"]
[Date "1987.??.??"]
[Round "?"]
[White "Ivanchuk, Vassily"]
[Black "Gurevich, Mikhail"]
[Result "1/2-1/2"]
[WhiteElo "2480"]
[BlackElo "2515"]

1.c4 c5 2.g3 g6 3.Bg2 Bg7 4.Nc3 Nc6 5.e3 e6 6.Nge2 Nge7 7.O-O O-O 8.d4 cxd4
9.exd4 d5 10.cxd5 Nxd5 11.Nxd5 exd5 12.Be3 Bg4 13.Re1 Re8  1/2-1/2

[Event "Moscow TV"]
[Site "Moscow"]
[Date "1987.??.??"]
[Round "?"]
[White "Ivanchuk, Vassily"]
[Black "Giorgadze, Tamaz"]
[Result "1-0"]
[WhiteElo "2475"]
[BlackElo "2505"]

1.d4 Nf6 2.c4 c5 3.d5 b5 4.Bg5 d6 5.Nd2 Nbd7 6.e4 g6 7.Ngf3 Bg7 8.Bd3 O-O
9.O-O Ng4 10.cxb5 a6 11.bxa6 Nde5 12.Nxe5 Nxe5 13.Be2 h6 14.Bf4 Bxa6 15.Bxa6 Rxa6
16.Bxe5 Bxe5 17.Nc4 Bd4 18.a3 Qd7 19.Rb1 f5 20.Qe2 f4 21.Kh1 Ra7 22.f3 Qb5
23.Qc2 Qd7 24.Rfc1 Kg7 25.Qd3 Rb8 26.b4 Kh7 27.Na5 Rba8 28.Rb3 Be3 29.Rcb1 cxb4
30.axb4 Ra6 31.Nc4 Qb5 32.Nxe3 Qxd3 33.Rxd3 fxe3 34.Rxe3 Ra2 35.b5 Rb2 36.Ree1 Raa2
37.Rg1 Re2 38.h3 Rab2 39.Rxb2 Rxb2 40.Ra1 Kg7 41.Ra7 Kf6 42.Rb7 h5 43.h4 Rb3  1-0

[Event "Moscow TV"]
[Site "Moscow"]
[Date "1987.??.??"]
[Round "?"]
[White "Ivanchuk, Vassily"]
[Black "Romanishin, Oleg M"]
[Result "1/2-1/2"]
[WhiteElo "2475"]
[BlackElo "2570"]

1.d4 Nf6 2.c4 g6 3.g3 Bg7 4.Bg2 d6 5.Nf3 O-O 6.O-O c6 7.Nc3 Bf5 8.Re1 Ne4
9.Qb3 Nxc3 10.bxc3 Qc7 11.e4 Bg4 12.Rb1 Bxf3 13.Bxf3 b6 14.Bg2 e5 15.Be3 Nd7
16.f4 c5 17.dxe5 dxe5 18.f5 Nf6 19.Qd1 Rad8 20.Qe2 Rd6 21.g4 Rfd8 22.Rbd1 Qd7
23.Rxd6 Qxd6 24.g5 Ne8 25.Bf1 Qc6 26.Qc2 Bf8 27.h4 Be7 28.Be2 Nd6 29.f6 Bf8
30.Rd1 Qc8 31.Kg2 Nxc4 32.Bf2 Rxd1 33.Qxd1 Nd6 34.Qd5 Qb7 35.Bg3 Qxd5 36.exd5 Nf5
37.Bxe5 Nxh4+ 38.Kh3 Nf5 39.Bb8 Bd6 40.Bxa7 Bc7 41.a4 Nd6 42.a5 bxa5 43.Bxc5 Ne4
44.Bd4 a4 45.Bd3 Nd2 46.Bc5 Nf3 47.d6 Bd8 48.Be3 a3 49.Bb1 h6 50.gxh6 Bxf6
51.c4 Ne5 52.c5 Nc6 53.Kg2 Kh7 54.Kf1 Be5 55.Ke2 f5 56.Kd3 f4 57.Bf2 Kxh6
58.Kc4 f3 59.Kd5 Bd4 60.Bxd4 Nxd4 61.d7 f2 62.d8=Q f1=Q 63.Qh4+ Kg7 64.Qxd4+ Kh6
65.Qh4+ Kg7 66.Qd4+ Kh7 67.Bd3 Qf3+ 68.Be4 Qb3+ 69.Kd6 a2 70.c6 Qa3+ 71.Kd7 a1=Q
72.Qxa1 Qxa1 73.Bxg6+ Kxg6 74.c7 Qd4+  1/2-1/2

[Event "Moscow TV"]
[Site "Moscow"]
[Date "1987.??.??"]
[Round "?"]
[White "Romanishin, Oleg M"]
[Black "Ivanchuk, Vassily"]
[Result "1/2-1/2"]
[WhiteElo "2570"]
[BlackElo "2475"]

1.d4 d5 2.c4 e6 3.Nc3 c5 4.cxd5 exd5 5.Nf3 Nc6 6.g3 Nf6 7.Bg2 Be7 8.O-O O-O
9.Be3 c4 10.Ne5 Qa5 11.Qd2 Bb4 12.Qc2 Re8 13.Rad1 h6 14.a3 Bxc3 15.bxc3 Qd8
16.f4 Ne4 17.Bxe4 dxe4 18.f5 Qd5 19.Nxc6 bxc6 20.g4 Rb8 21.Bf4 Rb5 22.e3 f6
23.Rb1 Re7 24.Rxb5 cxb5 25.Qb2 a6 26.Qb4 Re8 27.Rb1 Bd7 28.Qa5 Qb7 29.Rd1 Bc6
30.Kf2 Kf7 31.Qc7+  1/2-1/2

[Event "Moscow TV"]
[Site "Moscow"]
[Date "1987.??.??"]
[Round "?"]
[White "Giorgadze, Tamaz"]
[Black "Ivanchuk, Vassily"]
[Result "0-1"]
[WhiteElo "2505"]
[BlackElo "2475"]

1.d4 d5 2.Nf3 c5 3.g3 cxd4 4.Nxd4 e5 5.Nf3 Nc6 6.Bg2 Nf6 7.O-O Be7 8.c4 d4
9.e3 O-O 10.exd4 exd4 11.Nbd2 Bg4 12.h3 Bh5 13.Nb3 d3 14.Bf4 Qd7 15.Re1 Rad8
16.a3 Rfe8 17.Qd2 Bxf3 18.Bxf3 Qxh3 19.Bg2 Qf5 20.Rad1 Ng4 21.Bh3 Qh5 22.Bxg4 Qxg4
23.Re3 g5 24.Bc7 Rc8 25.Ba5 Bf6 26.Rxe8+ Rxe8 27.Re1 Ne5 28.Qd1 Nf3+  0-1

[Event "URS Army-ch"]
[Site "Tashkent"]
[Date "1987.??.??"]
[Round "?"]
[White "Glek, Igor V"]
[Black "Ivanchuk, Vassily"]
[Result "0-1"]
[WhiteElo "2490"]
[BlackElo "2475"]

1.d4 Nf6 2.c4 e6 3.Nf3 c5 4.d5 exd5 5.cxd5 d6 6.Nc3 g6 7.e4 Bg7 8.Be2 O-O
9.O-O Re8 10.Nd2 Na6 11.f3 Nc7 12.a4 b6 13.Nc4 Ba6 14.Bg5 h6 15.Be3 Bxc4
16.Bxc4 a6 17.Qd2 Kh7 18.Rab1 Rb8 19.b4 b5 20.Be2 c4 21.a5 Re7 22.Bd4 Qh8
23.Rbd1 Nce8 24.g3 Nd7 25.Bxg7 Nxg7 26.f4 f5 27.Bf3 fxe4 28.Nxe4 Nf5 29.g4 Nh4
30.Qf2 Nxf3+ 31.Qxf3 Nf6 32.Nxd6 Rd8 33.Rfe1 Rxe1+ 34.Rxe1 Rxd6 35.Re7+ Kg8
36.Qe3 Nxd5 37.Qc5 Nxe7 38.Qxd6 Kf7 39.Qxa6 Qd4+ 40.Kg2 c3  0-1

[Event "URS Army-ch"]
[Site "Tashkent"]
[Date "1987.??.??"]
[Round "?"]
[White "Huzman, Alexander"]
[Black "Ivanchuk, Vassily"]
[Result "1/2-1/2"]
[WhiteElo "2475"]
[BlackElo "2660"]

1.d4 d5 2.c4 e6 3.Nf3 Nf6 4.Nc3 c6 5.Bg5 dxc4 6.e4 b5 7.e5 h6 8.Bh4 g5 9.Nxg5 hxg5
10.Bxg5 Be7 11.exf6 Bxf6 12.Bxf6 Qxf6 13.g3 Na6 14.Bg2 Bb7 15.Nxb5 O-O-O
16.Qa4 cxb5 17.Bxb7+ Kxb7 18.Qxb5+ Ka8  1/2-1/2

[Event "URS Army-ch"]
[Site "Tashkent"]
[Date "1987.??.??"]
[Round "?"]
[White "Ivanchuk, Vassily"]
[Black "Krasenkow, Michal"]
[Result "1/2-1/2"]
[WhiteElo "2475"]
[BlackElo "2420"]

1.d4 Nf6 2.c4 e6 3.g3 d5 4.Bg2 Bb4+ 5.Bd2 a5 6.Qc2 Nc6 7.Nf3 dxc4 8.Qxc4 Qd5
9.Qd3 Qe4 10.Qxe4 Nxe4 11.a3 Nxd2 12.Nbxd2 Bxd2+ 13.Kxd2 Ke7 14.Rhc1 a4 15.Ke1 Bd7
16.Rc3 Rhc8 17.Rac1 f6 18.Nd2 Ra5 19.Ne4 Rb5 20.Nc5 Rxb2 21.Nxa4 Ra2 22.Nc5 Nxd4
23.Nxd7 Rxe2+ 24.Kf1 Rb2 25.Nc5 c6 26.Bh3 Re8 27.Rc4 e5 28.Rb4 Rxb4 29.axb4 b6
30.Nd3 b5 31.Ra1 Kd6 32.Nc5 Re7 33.Bg2 f5 34.Rd1 Kc7 35.Rd2 Ne6 36.Rc2 e4
37.Ke1 Kb6 38.h4 Nc7 39.Ra2 Nd5 40.Ra6+ Kc7 41.Ra7+ Kd6 42.Rxe7 Kxe7 43.Na6 Kf6
44.f3 Ke5 45.fxe4 fxe4 46.Bh3 Nf6 47.Bc8 Nh5 48.Kf2 Kd4 49.Bd7 Kd5 50.Nb8 c5
51.Bc6+ Kd4 52.bxc5 e3+ 53.Kf3 Kxc5 54.g4 Nf6 55.g5 Nd5 56.Bb7 Kd4 57.Nc6+ Kc3
58.Na5 Ne7 59.Be4 Kd2 60.Nb3+ Kc3 61.Nc5 e2 62.Kxe2 Kd4 63.Bxh7 Kxc5 64.h5 Kd5
65.h6 gxh6 66.gxh6 Ke6 67.Bg8+ Kf6  1/2-1/2

[Event "URS Army-ch"]
[Site "Tashkent"]
[Date "1987.??.??"]
[Round "?"]
[White "Ivanchuk, Vassily"]
[Black "Chekhov, Valery A"]
[Result "1-0"]
[WhiteElo "2475"]
[BlackElo "2500"]

1.Nf3 Nf6 2.c4 c5 3.d4 cxd4 4.Nxd4 e6 5.g3 Qa5+ 6.Nc3 Ne4 7.Bd2 Nxd2 8.Qxd2 a6
9.Bg2 Be7 10.Nb3 Qc7 11.c5 O-O 12.Rc1 Nc6 13.Na4 Rb8 14.O-O Rd8 15.Qe3 Bf6
16.Rfd1 h6 17.Qd2 Bg5 18.f4 Be7 19.Qd6 Qxd6 20.cxd6 Bf6 21.Nb6 Bxb2 22.Rc4 f5
23.Nc5 g6 24.e4 fxe4 25.Bxe4 Kf7 26.Kg2 Bg7 27.Rcc1 Na7 28.a4 Nc6 29.Nxc8 Rbxc8
30.Nxb7 Nd4 31.Rc7 Nf5 32.Rdc1 Rb8 33.Nxd8+ Rxd8 34.Bxf5 exf5 35.Rc8 Rxc8
36.Rxc8 a5 37.Rc5  1-0